| 000 | 00411nam a2200145Ia 4500 | ||
|---|---|---|---|
| 008 | 220214s9999 xx 000 0 und d | ||
| 022 | _a0092-0053 | ||
| 245 | 0 | _aFarm chemicals | |
| 260 |
_bMeister Publishing _aWilloughby |
||
| 310 | _aM | ||
| 500 | _aEnding Volume & Year: 150, 1987 | ||
| 500 | _aMissing Volume: 148(4,7);149(5,11);150(1,3,6,9) | ||
| 500 | _aStarting Volume & Year: 148, 1985 | ||
| 942 | _cBJ | ||
| 999 |
_c17332 _d17332 |
||